| 000 | 00651nam a2200253Ia 4500 | ||
|---|---|---|---|
| 003 | OSt | ||
| 005 | 20221007105913.0 | ||
| 006 | a|||||r|||| 00| 0 | ||
| 007 | ta | ||
| 008 | 221006b |||||||| |||| 00| 0 eng d | ||
| 024 | _a19,856 | ||
| 037 | _cTextual | ||
| 040 |
_aLCO _cLCO _beng |
||
| 041 |
_2eng _aeng |
||
| 082 | _aZ2,181, M1 | ||
| 100 |
_aSen S.C _982432 |
||
| 245 | 0 | _aMegers Amalgamations and Take Overs | |
| 250 | _a2nd | ||
| 260 |
_aCalcutta _bEastern Law House India _c1981 |
||
| 300 | _a310 | ||
| 650 |
_aMERGERS AMALGAMATIONS _9706936 |
||
| 942 |
_hZ2,181, M1 _cTEXL |
||
| 999 |
_c1189419 _d1189419 |
||